logo

Bir Sreshtho Munshi Abdur Rouf Library
Jhenaidah Cadet College

Science : (Record no. 8672)

MARC details
000 -LEADER
fixed length control field 01038cam a2200337 i 4500
001 - CONTROL NUMBER
JCCL Control Number 8672
003 - CONTROL NUMBER IDENTIFIER
JCCL marc code BD - JhCC
005 - DATE AND TIME OF LATEST TRANSACTION
control field 20180716183040.0
008 - FIXED-LENGTH DATA ELEMENTS--GENERAL INFORMATION
fixed length control field 180716s1955 nyua b 001 0 eng
035 ## - SYSTEM CONTROL NUMBER
system control number (BD - JhCC)8672
035 ## - SYSTEM CONTROL NUMBER
system control number (OCoLC)01121223
035 ## - SYSTEM CONTROL NUMBER
system control number GLIS00051879
040 ## - CATALOGING SOURCE
Original cataloging agency DLC
Transcribing agency DLC
Modifying agency CHS
-- MYG
-- BD - JhC
041 ## - LANGUAGE CODE
Language code of Book eng
050 0# - LIBRARY OF CONGRESS CALL NUMBER
Classification number QH305
Item number .A44
082 ## - DEWEY DECIMAL CLASSIFICATION NUMBER
Author mark and Year HAL 1955
Classification number 574
099 ## - LOCAL FREE-TEXT CALL NUMBER
Classification number QH305.A44
100 1# - MAIN ENTRY--PERSONAL NAME
Personal name Hall, Thomas S.
245 10 - TITLE STATEMENT
Title Science :
Remainder of title a college textbook of general Biology /
Statement of responsibility, etc Thomas S. Hall and Florence Moog
260 ## - PUBLICATION, DISTRIBUTION, ETC. (IMPRINT)
Place of publication, distribution, etc New York :
Name of publisher, distributor, etc Wiley,
Date of publication, distribution, etc 1955
300 ## - PHYSICAL DESCRIPTION
Pagination xxv, 258 p. :
Other physical details ill. ;
Dimensions 22 cm.
490 1# - SERIES STATEMENT
Series statement History of science
500 ## - GENERAL NOTE
General note Imprint covered by label: Now published by Cambridge University Press, Cambridge.
500 ## - GENERAL NOTE
General note Includes index.
504 ## - BIBLIOGRAPHY, ETC. NOTE
Bibliography, etc Bibliography: p. 229-249.
650 #0 - SUBJECT ADDED ENTRY--TOPICAL TERM
Topical term or geographic name as entry element Biology
General subdivision History.
700 ## - ADDED ENTRY--PERSONAL NAME
Personal name Moog, Florence
830 #0 - SERIES ADDED ENTRY--UNIFORM TITLE
Uniform title History of science (John Wiley & Sons)
942 ## - ADDED ENTRY ELEMENTS (KOHA)
Source of classification or shelving scheme Dewey Decimal Classification
Koha item type Books
Holdings
Source of classification or shelving scheme Damaged status Not for loan Home library Current library Shelving location Total Checkouts Full call number Barcode Date last seen Copy number Koha item type
Dewey Decimal Classification     JCC Rouf Library JCC Rouf Library General Stacks   574 HAL 1955 11075 03/01/2018 C - 1 Books

JCC Library | Contacts | JCC Home

Last Update on 23 September 2017
Copyright @ 2017-2020 JCC Rouf Library
Rouf Library, Jhenidah Cadet College (JCC), Bangladesh